Which states have used or currently use townships? - Statistics

General Stats
  • This quiz has been taken 12 times
  • The average score is 22 of 26
Answer Stats
States that either have used or currently use townships % Correct
Arkansas
100%
Illinois
89%
Indiana
89%
Iowa
89%
Kansas
89%
Maine
89%
Michigan
89%
Minnesota
89%
Missouri
89%
Nebraska
89%
New Hampshire
89%
New York
89%
North Dakota
89%
Oklahoma
89%
Pennsylvania
89%
South Dakota
89%
Vermont
89%
Wisconsin
89%
California
78%
Nevada
78%
New Jersey
78%
North Carolina
78%
Ohio
78%
South Carolina
78%
Washington
78%
Rhode Island
67%
No matching quizzes found
Score Distribution
Percent of People with Each Score
Percentile by Number Answered
Your Score History
You have not taken this quiz